Beyond code (Record no. 3173)

MARC details
000 -LEADER
fixed length control field 00681 a2200193 4500
010 ## - LIBRARY OF CONGRESS CONTROL NUMBER
LC control number ENG-85609
020 ## - INTERNATIONAL STANDARD BOOK NUMBER
Terms of availability 150.00
International Standard Book Number 812591904X
035 ## - SYSTEM CONTROL NUMBER
System control number EN-69142
037 ## - SOURCE OF ACQUISITION
Source of stock number/acquisition D.B.Act / Pub
082 14 - DEWEY DECIMAL CLASSIFICATION NUMBER
Classification number 650.1
090 ## - LOCALLY ASSIGNED LC-TYPE CALL NUMBER (OCLC); LOCAL CALL NUMBER (OCLC)
-- 3235
-- 3235
100 1# - MAIN ENTRY--PERSONAL NAME
Personal name Setty, Rajesh
245 1# - TITLE STATEMENT
Title Beyond code
Statement of responsibility, etc by Rajesh Setty
Remainder of title learn to distinguish yourself in 9 steps
260 ## - PUBLICATION, DISTRIBUTION, ETC. (IMPRINT)
Place of publication, distribution, etc New Delhi
Name of publisher, distributor, etc Vikas Publishing House
Date of publication, distribution, etc 2006
270 ## - ADDRESS
Address 576, Masjid Road, Jangpura
City New Delhi
State or province Delhi
Postal code 110014
Telephone number 24376605
Electronic mail address helpline@vikaspublishing.com
300 ## - PHYSICAL DESCRIPTION
Extent xvi, 127 p.
Dimensions 23 cm. (Pbk)
942 ## - ADDED ENTRY ELEMENTS (KOHA)
Institution code [OBSOLETE] dpl
Koha item type English Books
Call number prefix 650.1 / SET
Holdings
Withdrawn status Lost status Source of classification or shelving scheme Damaged status Not for loan Collection code Home library Current library Source of acquisition Cost, normal purchase price Total Checkouts Full call number Barcode Date last seen Copy number Uniform Resource Identifier Cost, replacement price Price effective from Koha item type
    Dewey Decimal Classification   Not For Loan Non-fiction D.B.Act.Division D.B.Act.Division DBAD/PUB 150.00   650.1 SET EN-69142 15/09/2008 1 3377 150.00 15/09/2008 English Books

© Delhi Public Library
Hit Counter
free hit counter